भारतीय इतिहास कला व संस्कृति (Record no. 3265)
[ view plain ]
| 000 -LEADER | |
|---|---|
| fixed length control field | 01291 a2200241 4500 |
| 005 - DATE AND TIME OF LATEST TRANSACTION | |
| control field | 20080911114027.0 |
| 008 - FIXED-LENGTH DATA ELEMENTS--GENERAL INFORMATION | |
| fixed length control field | 080911t xxu||||| |||| 00| 0 hin d |
| 010 ## - LIBRARY OF CONGRESS CONTROL NUMBER | |
| LC control number | HIN-79632 |
| 020 ## - INTERNATIONAL STANDARD BOOK NUMBER | |
| Terms of availability | 150.00 |
| 035 ## - SYSTEM CONTROL NUMBER | |
| System control number | HN-51978 |
| 037 ## - SOURCE OF ACQUISITION | |
| Source of stock number/acquisition | D.B.Act / pub |
| 082 ## - DEWEY DECIMAL CLASSIFICATION NUMBER | |
| Classification number | 306.0954 |
| 100 ## - MAIN ENTRY--PERSONAL NAME | |
| Personal name | गुप्ता, मुकेश |
| 245 ## - TITLE STATEMENT | |
| Title | भारतीय इतिहास कला व संस्कृति |
| Statement of responsibility, etc | मुकेश गुप्ता |
| 246 ## - VARYING FORM OF TITLE | |
| Title proper/short title | Bhartiya Itihas Kala va sanskarti |
| Remainder of title | by mukesh Gupta |
| 250 ## - EDITION STATEMENT | |
| Edition statement | 2 रा संस्क |
| 260 ## - PUBLICATION, DISTRIBUTION, ETC. (IMPRINT) | |
| Place of publication, distribution, etc | जयपुर |
| Name of publisher, distributor, etc | अरिहन्त पब्लिशर्स एण्ड डिस्ट्रीब्यूटर्स |
| Date of publication, distribution, etc | 2006 |
| 270 ## - ADDRESS | |
| Address | दु.न. 6,भाटी होटल के पास,बरकत नगर,टोंक फाटक |
| City | जयपुर |
| Postal code | 18 |
| 300 ## - PHYSICAL DESCRIPTION | |
| Extent | 172पृ |
| Dimensions | 22 सेमी (अजिल्द) |
| 490 ## - SERIES STATEMENT | |
| Series statement | (सोनल श्रृंखला) |
| 942 ## - ADDED ENTRY ELEMENTS (KOHA) | |
| Institution code [OBSOLETE] | dpl |
| Koha item type | Hindi Books |
| Call number prefix | 306.0954 / गुप्तामु |
| Source of classification or shelving scheme | Dewey Decimal Classification |
| Classification part | 306.0954 |
| Call number suffix | गुप्तामु |
| Withdrawn status | Lost status | Damaged status | Not for loan | Home library | Current library | Date acquired | Cost, normal purchase price | Total Checkouts | Full call number | Barcode | Date last seen | Copy number | Uniform Resource Identifier | Cost, replacement price | Price effective from | Koha item type |
|---|---|---|---|---|---|---|---|---|---|---|---|---|---|---|---|---|
| D.B.Act.Division | D.B.Act.Division | 11/09/2008 | 150.00 | 306.0954 गुप्तामु | HN-51978 | 15/09/2008 | 1 | 3478 | 150.00 | 15/09/2008 | Hindi Books |
